Central Library OPAC University of Rajshahi

Asoka / (Record no. 26215)

MARC details
000 -LEADER
fixed length control field 00718cam a22002655a 4500
001 - CONTROL NUMBER
control field 26215
003 - CONTROL NUMBER IDENTIFIER
rucl marc code BD-RjUL
005 - DATE AND TIME OF LATEST TRANSACTION
control field 20211209051003.0
008 - FIXED-LENGTH DATA ELEMENTS--GENERAL INFORMATION
fixed length control field 140320s1962 ii 000 0 engod
035 ## - SYSTEM CONTROL NUMBER
System control number (OCoLC)ocn710016614
System control number (BD-RjUL)26285
040 ## - CATALOGING SOURCE
Original cataloging agency DKAGE
Language of cataloging eng
Transcribing agency DKAGE
Modifying agency BD-RjUL
041 ## - LANGUAGE CODE
Language code of text/sound track or separate title eng
082 04 - DEWEY DECIMAL CLASSIFICATION NUMBER
Edition number 934.045
Author mark and year MOA 1962
100 ## - MAIN ENTRY--PERSONAL NAME
Personal name Mookerji, Radhakumud
9 (RLIN) 18050
245 00 - TITLE STATEMENT
Title Asoka /
250 ## - EDITION STATEMENT
Edition statement 3rd. re.and enl.
260 ## - PUBLICATION, DISTRIBUTION, ETC. (IMPRINT)
Place of publication, distribution, etc. Delhi :
Name of publisher, distributor, etc. Motilal Banarsidass
Date of publication, distribution, etc. 1962.
300 ## - PHYSICAL DESCRIPTION
Pagination xii, 289 p. ;
Size 19 cm.
650 #0 - SUBJECT ADDED ENTRY--TOPICAL TERM
Topical term or geographic name as entry element Inscripciones pracritas
9 (RLIN) 80595
Topical term or geographic name as entry element Aśoka, King of Magadha, active 259 B.C
9 (RLIN) 80596
942 ## - ADDED ENTRY ELEMENTS (KOHA)
Source of classification or shelving scheme Dewey Decimal Classification
Koha item type Books
Holdings
Lost status Source of classification or shelving scheme Damaged status Not for loan Collection code Permanent Location Current Location Shelving location Date acquired Source of acquisition Cost, normal purchase price Total Checkouts Full call number Date last seen Copy number Koha item type
  Dewey Decimal Classification     Non-fiction Central Library, University of Rajshahi Central Library, University of Rajshahi   12/05/1964 K.L. Mukhododhuy 15.00   934.045 MOA 1962 20/03/2014 C-3 Books